<?xml version="1.0" encoding="UTF-8"?>
<collection xmlns:xsi="http://www.w3.org/2001/XMLSchema-instance" xsi:schemaLocation="http://www.loc.gov/MARC21/slim http://www.loc.gov/standards/marcxml/schema/MARC21slim.xsd" xmlns="http://www.loc.gov/MARC21/slim">
 <record>
  <leader>00000cab a22000004cb4500</leader>
  <controlfield tag="001">IPP-00000260631</controlfield>
  <controlfield tag="003">IPP</controlfield>
  <controlfield tag="005">20180508132433.0</controlfield>
  <controlfield tag="008">180508s2007    xx     d | ||r |||||eng||</controlfield>
  <datafield tag="041" ind1="#" ind2="#">
   <subfield code="a">eng</subfield>
  </datafield>
  <datafield tag="100" ind1="1" ind2="#">
   <subfield code="a">Bucol, Abner A.</subfield>
  </datafield>
  <datafield tag="245" ind1="1" ind2="0">
   <subfield code="a">An assessment on the status and distribution of endemic and threatened birds of Siquijor Island, Philippines</subfield>
   <subfield code="b">a progress report</subfield>
  </datafield>
  <datafield tag="264" ind1="#" ind2="1">
   <subfield code="c">2007</subfield>
  </datafield>
  <datafield tag="520" ind1="#" ind2="#">
   <subfield code="a">This paper presents the results of an on-going study on the avifauna of Siquijor Island utilizing point counts, transect walks, and MacKinnon Lists with ethnobiological surveys. The study covered the four major forest patches remaining on Siquijor and was visited during October-December 2007. A total of 44 species were recorded. Foour of the five endemic subspecies were confirmed, namely: Streak-breasted bulbul (Ixos siquijorensis siquijorensis), Yellow-bellied Whistler (Pachycephala philippensis siquijorensis), Orange-bellied Flowerpecker (Dicaeum trigonostigma best) and Everett's White-eye (Zosterops everetti siquijorensis). The Philippine Hanging-Parrot Loriculus phillipensis siquijorensis) was not sighted at all and is presumed to be extinct. Of all the threatened species known to inhabit the island in the past, only the Streak-breasted bulbul was sighted; it was found  in all sites with relative indices of abundance of 1.0 in Bandilaan, Canghaling, and Liloan; and 0.92 in Salagdoong. Bandilaan Natural Park harbors  the highest number of bird species (35) followed by Canghaling (33), Liloan (28) and Salagdoong (20). Habitat destruction due to firewood extraction and slash-and-burn farming as well as hunting were the observed threats to the island's avifauna and its unique biodiversity.</subfield>
  </datafield>
  <datafield tag="650" ind1="1" ind2="0">
   <subfield code="a">Endemic birds</subfield>
   <subfield code="x">Siquijor</subfield>
  </datafield>
  <datafield tag="650" ind1="2" ind2="0">
   <subfield code="a">Birds</subfield>
  </datafield>
  <datafield tag="700" ind1="1" ind2="#">
   <subfield code="a">Bucol, Aladin A.</subfield>
  </datafield>
  <datafield tag="773" ind1="0" ind2="#">
   <subfield code="t">Silliman Journal</subfield>
   <subfield code="g">Vol. 48, no. 1 (Jan. 2007 - Jun. 2007), 33-42</subfield>
  </datafield>
  <datafield tag="942" ind1="#" ind2="#">
   <subfield code="a">Article</subfield>
  </datafield>
  <datafield tag="950" ind1="#" ind2="#">
   <subfield code="a">FI</subfield>
  </datafield>
 </record>
</collection>
